| 000 | 01614nam0a22002891 4500 | ||
|---|---|---|---|
| 001 | rc\4823597 | ||
| 005 | 20260407134514.0 | ||
| 021 |
_aRU _b[63-81913] |
||
| 035 | _a(NLR Aleph) 008884105 | ||
| 090 |
_a8600565 _c8600565 |
||
| 100 | _a20130426d1963 |||y0rusy50 ca | ||
| 101 | 0 | _arus | |
| 102 | _aRU | ||
| 105 | _ay z ||||| | ||
| 200 | 1 |
_aКраткий обзор производства нетканых текстильных материалов и некоторые их свойства _eУчеб. пособие для студентов специальностей "Мех. технология волокнистых материалов", "Хим. технология волокнистых материалов", "Экономика и организация пром. товаров широкого потребления" _fМ-во высш. и сред. спец. образования РСФСР. Всесоюз. заоч. ин-т текстильной и легкой пром-сти |
|
| 210 |
_aМосква _cБ. и. _d1963 |
||
| 215 |
_a119 с. _d28 |
||
| 300 | _aАвт. указан на 118-й с. | ||
| 320 | _aБиблиогр.: с. 119 | ||
| 606 |
_aТекстильные материалы, нетканые _2psbo |
||
| 700 | 1 |
_aШтарков _bВ.И. _gВасилий Иванович |
|
| 712 | 0 | 2 |
_aВсесоюзный заочный институт текстильной и легкой промышленности _3RU\NLR\AUTH\8810001732 _9500663 |
| 801 | 0 |
_aRU _bNLR _gpsbo |
|
| 801 | 1 |
_aRU _bELAR _2rusmarc |
|
| 852 |
_aNLR _j63-8/2368 |
||
| 942 | _cBOOK | ||
| 980 | _aNB | ||